000 00393nam a2200121Ia 4500
008 171212s9999 xx 000 0 und d
020 _a9781911307846
100 _aBiedermann, Zoltán;Strathern, Alan
245 _cBiedermann, Zoltán;Strathern, Alan
_aSri Lanka at the Crossroads of History
260 _bUCL Press
_c2017
650 _aHistory
856 _uhttp://jstor.org/stable/j.ctt1qnw8bs
999 _c352890
_d352890